The life of the Prophet : (Record no. 4790)

000 -LEADER
fixed length control field nam a22 a 4500
003 - CONTROL NUMBER IDENTIFIER
control field AKMAL
005 - DATE AND TIME OF LATEST TRANSACTION
control field 20190131101532.0
008 - FIXED-LENGTH DATA ELEMENTS--GENERAL INFORMATION
fixed length control field 120806t19992019su e 000 0 eng d
020 ## - INTERNATIONAL STANDARD BOOK NUMBER
International Standard Book Number 9789960850214 :
Terms of availability RM37.40
040 ## - CATALOGING SOURCE
Original cataloging agency AKMAL
082 04 - DEWEY DECIMAL CLASSIFICATION NUMBER
Classification number 297.63 MUS
Edition number 22
090 00 - LOCALLY ASSIGNED LC-TYPE CALL NUMBER (OCLC); LOCAL CALL NUMBER (RLIN)
Classification number (OCLC) (R) ; Classification number, CALL (RLIN) (NR) 297.63
Local cutter number (OCLC) ; Book number/undivided call number, CALL (RLIN) MUS
100 1# - MAIN ENTRY--PERSONAL NAME
Personal name As Siba'ei, Mustafa
9 (RLIN) 9135
245 14 - TITLE STATEMENT
Title The life of the Prophet :
Remainder of title highlight and lessons /
Statement of responsibility, etc. Mustafa as-Siba'ie ; translated by Nasiruddin al-Khattab
260 ## - PUBLICATION, DISTRIBUTION, ETC.
Place of publication, distribution, etc. Riyadh, Saudi Arabia :
Name of publisher, distributor, etc. International Islamic Publishing House,
Date of publication, distribution, etc. 1999
300 ## - PHYSICAL DESCRIPTION
Extent 208p. ;
Dimensions 22cm.
500 ## - GENERAL NOTE
General note Contains verses from the Koran
600 00 - SUBJECT ADDED ENTRY--PERSONAL NAME
Personal name Muhammad,
Titles and other words associated with a name Prophet,
Dates associated with a name -632
9 (RLIN) 1135
700 1# - ADDED ENTRY--PERSONAL NAME
Personal name al-Khattab, Nasiruddin
9 (RLIN) 9136
942 ## - ADDED ENTRY ELEMENTS (KOHA)
Source of classification or shelving scheme
Koha item type Book
Holdings
Withdrawn status Lost status Source of classification or shelving scheme Damaged status Not for loan Collection code Home library Current library Shelving location Date acquired Inventory number Total Checkouts Full call number Barcode Date last seen Price effective from Koha item type
          NON-FICTION AKMAL Melaka AKMAL Melaka PINJAMAN 31.01.2019 200996   297.63 MUS 201707785 31.01.2019 31.01.2019 Book
Pusat Sumber Maklumat Dato' Haji Sarmin Md Hussin, Akademi Kastam Diraja Malaysia, Melaka
Tel: 06-2331106 | Faks: 06-2313787